| 000 | 01007nam a22003018a 4500 | ||
|---|---|---|---|
| 001 | 016068241 | ||
| 003 | EG-ScBUE | ||
| 005 | 20211219104204.0 | ||
| 008 | 120416s2007 nyu f 000 f eng d | ||
| 020 | _a0553263226 | ||
| 020 | _a9780553263220 | ||
| 040 |
_aStDuBDS _beng _erda _cStDuBDS _dEG-ScBUE |
||
| 082 | 0 | 4 |
_a813.54 _bLUD _222 |
| 100 | 1 |
_aLudlum, Robert, _d1927-2001, _eauthor. _934156 |
|
| 245 | 1 | 4 |
_aThe Bourne supremacy / _cRobert Ludlum. |
| 264 | 1 |
_aNew York : _bBantam Books, _c2007. |
|
| 300 |
_a646 pages ; _c20 cm. |
||
| 336 |
_2rdacontent _atext _btxt |
||
| 337 |
_2rdamedia _aunmediated _bn |
||
| 338 |
_2rdacarrier _avolume _bnc |
||
| 490 | 0 |
_aThe Bourne series ; _v2 |
|
| 650 | 7 |
_aBourne, Jason (Fictitious character) _vFiction. _934157 _2BUEsh |
|
| 650 | 7 |
_aAssassination _zChina _zHong Kong _vFiction. _934158 _2BUEsh |
|
| 651 | 7 |
_aKowloon (China) _vFiction. _934159 _2BUEsh |
|
| 653 |
_cOctober2013 _dBestSellers _bHHUUEENN |
||
| 655 | 0 |
_aSuspense fiction. _vReading book |
|
| 942 |
_2ddc _cBB |
||
| 999 |
_c17665 _d17637 |
||